000 00566nam a22001817a 4500
005 20251108175306.0
008 250721s1998 xx 000 0 ara d
082 1 4 _a333.91/وسط
100 1 _aبيسواس، أسيت ك
245 1 0 _aالوسط والأطراف ...مقاربة شاملة لمياه الشرق الوسط /
264 1 _aبيروت :
_bدار النهار للنشر،
_c1998.
300 _a216ص.
650 1 7 _aالمياه
650 1 7 _aالشرق الأوسط
650 1 7 _aازمة المياه
942 _2ddc
_cBK
999 _c130692
_d130692